[Event "Val d'Or op"]
[Site "Val d'Or"]
[Date "2000.05.21"]
[Round "3"]
[White "Brousseau, Yvan"]
[Black "Ferderber, Harold"]
[Result "1-0"]
[WhiteElo "1734"]
[BlackElo "1732"]
[PlyCount "71"]
[EventDate "2000.05.??"]
[EventType "swiss"]
[EventRounds "4"]
[EventCountry "CAN"]
[SourceTitle "EXT 2005"]
[Source "ChessBase"]
[SourceDate "2004.11.15"]
[SourceVersion "1"]
[SourceVersionDate "2004.11.15"]
[SourceQuality "1"]

1. d4 Nf6 2. c4 e6 3. Nc3 Bb4 4. a3 Bxc3+ 5. bxc3 d5 6. e3 0-0 7. Bd3 Re8 8. cxd5 exd5 9. Ne2 Bg4 10. 0-0 Nc6 11. c4 dxc4 12. Bxc4 Qe7 13. f3 Bh5 14. Nf4 Rad8 15. Rb1 b6 16. Bb5 Na5 17. Bxe8 Rxe8 18. Nxh5 Nxh5 19. Rb5 g6 20. Re5 Qd7 21. Rxe8+ Qxe8 22. Qd3 Qd7 23. Qc3 Nf6 24. e4 Ne8 25. Bf4 Nc6 26. d5 Ne7 27. Rc1 Qa4 28. Qb4 Qd7 29. Qc4 g5 30. Bxc7 Ng6 31. Bg3 h5 32. h3 Kh7 33. Qc6 Qe7 34. d6 Qf6 35. d7 Qd4+ 36. Bf2 1-0